Нормален изглед
MARC изглед
- Отд. V и VI - Възраждане и следосвободителен период
Вход 01. Лично име
001 - Контролен номер на записа
- Контролно поле: 399962
003 - Код на организацията, даваща контролен номер
- Контролно поле: BLK
005 - Дата и час на последна промяна на записа
- Контролно поле: 20191009161420.0
008 - Данни с фиксирана дължина – обща информация
- Данни с фиксирана дължина : 191009|| aca||aabn | a|a d
100 ## - ИМЕ НА ЛИЦЕ -ПЪРВИЧНА ИНТЕЛЕКТУАЛНА ОТГОВОРНОСТ
- Лично име: Отд. V и VI - Възраждане и следосвободителен период
- Ключова дума за отношение: Ред. комитет при Варн. археол. д-во
942 ## - Системна служебна употреба
- Koha auth type: PERSO_NAME